Ayele Lea Adubra, non-traditional occupations, epowerment and women: a case study of togolese women

Պահպանված է:
Մատենագիտական մանրամասներ
Ձևաչափ: Տեքստ
Ցուցիչներ: Ավելացրեք ցուցիչ
Չկան պիտակներ, Եղեք առաջինը, ով նշում է այս գրառումը!

MARC

LEADER 00000 a a2200000 04500
001 8848
003
040
245 |a Ayele Lea Adubra, non-traditional occupations, epowerment and women:   |b a case study of togolese women  
773 |g volumen 23, número 5; páginas 719-722  
999 |c 24351  |d 24351